000 00351nam a2200145Ia 4500
008 230917s9999||||xx |||||||||||||| ||und||
040 _e63821
_aMAIN
041 _aEnglish
082 _a515.7 G875A
100 _aGriffel, D H
245 0 _aApplied functional analysis
260 _aChichester
_bEllis Horwood
_c1981
300 _a386 p.
942 _cBK
999 _c36081
_d36081